| 000 | 00747 a2200229 4500 | ||
|---|---|---|---|
| 010 | _aENG-86023 | ||
| 020 |
_a007065994X _c475.00 |
||
| 035 | _aEN-69556 | ||
| 037 | _bD.B.Act / Pub | ||
| 082 | 1 | 4 | _a531.102462 |
| 245 | 1 |
_aVector mechanics for engineers: _cby Ferdinand P. Beeer .. [et.al]. _bstatics and dynamics (SI units) / |
|
| 250 | _a8th ed. | ||
| 260 |
_aNew Delhi _bTata Mc-Graw Hill Publishing _c2007 |
||
| 270 |
_a7, West Patel Nagar _bNew Delhi _e110 008 |
||
| 300 |
_axxvii, 573 p. _c24 cm. (Pbk.) |
||
| 500 | _aIncludes index | ||
| 700 | 1 | _aBeer, Ferdinand P. | |
| 700 | 1 | _aJohnston, E. Russell | |
| 700 | 1 | _aEisemberg, Elliot R. | |
| 700 | 1 | _aClausen, William E. | |
| 942 |
_adpl _cEN _k _2ddc _h531.102462 _mVEC |
||
| 999 |
_c3989 _d3989 |
||